| 000 | 00786cas a2200253u| 4500 | ||
|---|---|---|---|
| 001 | 2765 | ||
| 003 | BD-RjUL | ||
| 005 | 20211208233620.0 | ||
| 008 | 131217n1951 enk |||||||||||| ||eng| | ||
| 035 | _a(BD-RjUL)2792 | ||
| 040 |
_aDLC _cCarP _dDLC _beng |
||
| 041 | _aeng | ||
| 082 |
_216 _a330.971 _bCAN 1951 |
||
| 110 | 1 |
_aGreat Britain. _bCommercial Relations and Exports Department [from old catalog] _98868 |
|
| 245 | 0 | 0 | _aCanada; economic and commercial conditions in Canada. |
| 260 |
_aLondon : _bH. M. Stationery Off. _c1951. |
||
| 300 |
_av. 215 p. ; _c25 cm. |
||
| 526 | _bEconomics | ||
| 651 | 0 |
_aCanada _xEconomic conditions _y1918-1945. _98866 |
|
| 651 | 0 |
_aCanada _xCommerce. [from old catalog] _98867 |
|
| 942 |
_2ddc _cBK |
||
| 999 |
_c2765 _d2765 |
||